Quiz sur la Savoie - Statistiques

Statistiques générales
  • Ce quiz a été pris 1 390 fois
  • Le résultat moyen est 16 sur 20
Statistiques - réponses
Question Réponse % Correct
Numéro du département 73
99%
Préfecture et plus grande ville Chambéry
95%
Haute-Savoie
93%
Pays limitrophe Italie
93%
Région Auvergne-Rhône-Alpes
92%
Isère
90%
Spécialité culinaire nécessitant un mélange de fromage dont le Beaufort, l'Abondance (Appellations d'Origine Protégée) ou l'Emmental de Savoie (Indication Géographique Protégée). Fondue savoyarde
87%
Départements limitrophes Ain
85%
Marque de couteau pliable de Savoie dont plus de 350 millions d'exemplaires ont été vendus entre 1890 et 2015. Opinel
84%
Deuxième ville du département, connue pour son thermalisme. Aix-les-Bains
83%
Événement international qui a fait connaître la troisième plus grande ville du département et sous-préfecture en 1992. Jeux Olympiques d'hiver
83%
Sous-préfecture Albertville
82%
Lac le plus profond de France Lac du Bourget
79%
Station de sports d'hiver haut de gamme surnommée ''Saint-Tropez des neiges''. Courchevel
76%
Gentilé Savoyard
76%
Footballeur né dans le département ayant gagné la coupe de monde 2018 sous le poste d'attaquant. Olivier Giroud
74%
Parc national du département Parc national de la Vanoise
63%
Hautes-Alpes
62%
Saint-Jean-de-Maurienne
50%
Nombre d'habitants (arrondi à la dizaine de milliers d'habitants) 430 000 (433 724)
23%
Aucun quiz correspondant
Distribution des résultats
% des personnes avec chaque résultat
Percentile par nombre de réponses
Votre historique - résultats
Vous n’avez pas pris ce quiz